[Event "SG Turm Raesfeld/Erle 2 - TV Borken 1"]
[Site "Regionalliga 2021/2022"]
[Date "2021.10.23"]
[Round "2.6"]
[White "Boelker, Franz"]
[Black "Boldrick, Marcel"]
[Result "1/2-1/2"]
[WhiteElo "1759"]
[BlackElo "1679"]
[PlyCount "48"]
[EventDate "2021.??.??"]
[SourceTitle "Verband Muensterland"]
[SourceDate "2021.10.03"]
[SourceVersion "1"]
[SourceVersionDate "2021.10.03"]
[SourceQuality "1"]
[WhiteTeam "SG Turm Raesfeld/Erle 2"]
[BlackTeam "TV Borken 1"]

1. d4 Nf6 2. c4 e5 3. dxe5 Ng4 4. Nf3 Nc6 5. e3 Ngxe5 6. Be2 g6 7. Bd2 Bg7 8.
Bc3 O-O 9. O-O d6 10. Nd4 Re8 11. Na3 Qh4 12. Nab5 Re7 13. Nxc6 bxc6 14. Nd4
Bd7 15. Rc1 a6 16. b3 Bh6 17. Nf3 Nxf3+ 18. Bxf3 Rae8 19. Qd4 Qxd4 20. Bxd4 Bg7
21. Rfd1 c5 22. Bxg7 Kxg7 23. Rd2 a5 24. h3 Rb8 1/2-1/2

[Event "SG Turm Raesfeld/Erle 2 - TV Borken 1"]
[Site "Regionalliga 2021/2022"]
[Date "2021.10.23"]
[Round "2.7"]
[White "Klueppel, Ralf"]
[Black "Suer, Julian"]
[Result "1/2-1/2"]
[WhiteElo "1783"]
[BlackElo "1738"]
[PlyCount "41"]
[EventDate "2021.??.??"]
[SourceTitle "Verband Muensterland"]
[SourceDate "2021.10.03"]
[SourceVersion "1"]
[SourceVersionDate "2021.10.03"]
[SourceQuality "1"]
[WhiteTeam "TV Borken 1"]
[BlackTeam "SG Turm Raesfeld/Erle 2"]

1. d4 Nf6 2. Nf3 c5 3. e3 e6 4. Bd3 d5 5. b3 Be7 6. O-O O-O 7. Bb2 b6 8. Ne5
Bb7 9. Nd2 Nbd7 10. f4 Ne4 11. Nxe4 dxe4 12. Bb5 Nf6 13. Qd2 Qc7 14. Be2 Rfd8
15. c4 cxd4 16. exd4 Nd7 17. Qe3 f5 18. Qh3 Nxe5 19. fxe5 Rf8 20. Rad1 Rad8 21.
Qg3 1/2-1/2

[Event "SG Turm Raesfeld/Erle 2 - TV Borken 1"]
[Site "Regionalliga 2021/2022"]
[Date "2021.10.23"]
[Round "2.8"]
[White "Droste, Laurenz"]
[Black "Schmidt, Sebastian"]
[Result "0-1"]
[WhiteElo "1591"]
[BlackElo "1627"]
[PlyCount "54"]
[EventDate "2021.??.??"]
[SourceTitle "Verband Muensterland"]
[SourceDate "2021.10.03"]
[SourceVersion "1"]
[SourceVersionDate "2021.10.03"]
[SourceQuality "1"]
[WhiteTeam "SG Turm Raesfeld/Erle 2"]
[BlackTeam "TV Borken 1"]

1. f4 d5 2. e3 Nf6 3. b3 c5 4. Bb2 e6 5. Nf3 Nc6 6. Bb5 Bd7 7. O-O g6 8. Qe1
Bg7 9. d3 O-O 10. Nbd2 Nb4 11. Bxd7 Qxd7 12. Qh4 d4 13. Ne5 Qd8 14. exd4 Nxc2
15. Rac1 Ne3 16. Rfe1 cxd4 17. Ndf3 Nf5 18. Qf2 Qa5 19. Bxd4 Nxd4 20. Nxd4 Rac8
21. Nc4 Qd8 22. Ne5 Rxc1 23. Rxc1 Ng4 24. Qg3 Qxd4+ 25. Kf1 Nxe5 26. fxe5 Bxe5
27. Qf3 Qf4 0-1

[Event "SC Rochade Emsdetten 1 - SC Steinfurt 1"]
[Site "Regionalliga 2021/2022"]
[Date "2021.10.23"]
[Round "2.1"]
[White "Rieke, Theo"]
[Black "Bielderman, Guy"]
[Result "1-0"]
[WhiteElo "1954"]
[BlackElo "2164"]
[PlyCount "47"]
[EventDate "2021.??.??"]
[SourceTitle "Verband Muensterland"]
[SourceDate "2021.10.03"]
[SourceVersion "1"]
[SourceVersionDate "2021.10.03"]
[SourceQuality "1"]
[WhiteTeam "SC Steinfurt 1"]
[BlackTeam "SC Rochade Emsdetten 1"]

1. c4 g6 2. Nc3 Bg7 3. e4 c5 4. g3 Nc6 5. Bg2 e6 6. d3 Nge7 7. Be3 Nd4 8. f4 d6
9. Nf3 Nec6 10. O-O O-O 11. Qd2 a6 12. Rae1 Rb8 13. Kh1 Qa5 14. e5 dxe5 15.
Nxe5 Nxe5 16. fxe5 Nf5 17. Bg5 h6 18. Bf6 Bxf6 19. exf6 Kh7 20. g4 Nd4 21. Re3
e5 22. Rh3 h5 23. Rxh5+ gxh5 24. Be4+ 1-0

[Event "SC Rochade Emsdetten 1 - SC Steinfurt 1"]
[Site "Regionalliga 2021/2022"]
[Date "2021.10.23"]
[Round "2.2"]
[White "Hiller, Simon"]
[Black "Arning, Marcus"]
[Result "1-0"]
[WhiteElo "2146"]
[BlackElo "1946"]
[PlyCount "47"]
[EventDate "2021.??.??"]
[SourceTitle "Verband Muensterland"]
[SourceDate "2021.10.03"]
[SourceVersion "1"]
[SourceVersionDate "2021.10.03"]
[SourceQuality "1"]
[WhiteTeam "SC Rochade Emsdetten 1"]
[BlackTeam "SC Steinfurt 1"]

1. Nf3 Nf6 2. c4 b6 3. g3 Bb7 4. Bg2 e5 5. O-O Bd6 6. Nc3 O-O 7. d4 exd4 8. Nb5
Bc5 9. Bf4 Na6 10. a3 d5 11. b4 c6 12. Nbxd4 Bxd4 13. Nxd4 c5 14. Nf5 cxb4 15.
axb4 Nxb4 16. Bd6 a5 17. Be7 Qd7 18. Bh3 Kh8 19. Qd4 Nc6 20. Qxf6 Rg8 21. Qd6
Bc8 22. Nh6 Qe8 23. Qxc6 Qxe7 24. Nxg8 1-0

[Event "SC Rochade Emsdetten 1 - SC Steinfurt 1"]
[Site "Regionalliga 2021/2022"]
[Date "2021.10.23"]
[Round "2.3"]
[White "Yust, Evgeniy"]
[Black "Lemli, Thomas"]
[Result "1/2-1/2"]
[WhiteElo "1913"]
[BlackElo "1997"]
[PlyCount "30"]
[EventDate "2021.??.??"]
[SourceTitle "Verband Muensterland"]
[SourceDate "2021.10.03"]
[SourceVersion "1"]
[SourceVersionDate "2021.10.03"]
[SourceQuality "1"]
[WhiteTeam "SC Steinfurt 1"]
[BlackTeam "SC Rochade Emsdetten 1"]

1. e4 c6 2. d3 d5 3. e5 c5 4. Nc3 Nc6 5. f4 Nh6 6. Nf3 Bg4 7. Be2 e6 8. O-O Be7
9. Bd2 Nf5 10. Qe1 O-O 11. Kh1 Qd7 12. Ng1 Bxe2 13. Ncxe2 f6 14. Nf3 b5 15. c3
d4 1/2-1/2

[Event "SC Rochade Emsdetten 1 - SC Steinfurt 1"]
[Site "Regionalliga 2021/2022"]
[Date "2021.10.23"]
[Round "2.4"]
[White "Mueller, Achim"]
[Black "Haselhorst, Helmut"]
[Result "1-0"]
[WhiteElo "1987"]
[BlackElo "1980"]
[PlyCount "95"]
[EventDate "2021.??.??"]
[SourceTitle "Verband Muensterland"]
[SourceDate "2021.10.03"]
[SourceVersion "1"]
[SourceVersionDate "2021.10.03"]
[SourceQuality "1"]
[WhiteTeam "SC Rochade Emsdetten 1"]
[BlackTeam "SC Steinfurt 1"]

1. e4 c6 2. d4 d5 3. Nd2 dxe4 4. Nxe4 Bf5 5. Ng3 Bg6 6. h4 h6 7. Nf3 Nd7 8. h5
Bh7 9. Bd3 Bxd3 10. Qxd3 e6 11. Bd2 Ngf6 12. O-O-O Qc7 13. Kb1 O-O-O 14. c4 Kb8
15. Bc3 Be7 16. Qe2 Rhe8 17. Rd2 Ka8 18. Rhd1 b5 19. cxb5 cxb5 20. Rc2 Qb7 21.
Ba5 Rc8 22. Rdc1 Bd6 23. Rxc8+ Rxc8 24. Rxc8+ Qxc8 25. Ne5 Bxe5 26. dxe5 Nd5
27. Qxb5 Nxe5 28. Ne4 Qc6 29. Qxc6+ Nxc6 30. Bd2 Kb8 31. Nd6 Nf6 32. Nxf7 Nxh5
33. Bc3 Kc7 34. g4 Nf6 35. Nxh6 e5 36. Nf7 Nxg4 37. f3 Nh2 38. Nxe5 g5 39. Kc2
Ne7 40. Kd3 Nd5 41. Ke4 Kd6 42. Nf7+ Kc5 43. Bd4+ Kc6 44. Nxg5 a5 45. Nf7 Nb4
46. a4 Nf1 47. Ne5+ Kb7 48. Nc4 1-0

[Event "SC Rochade Emsdetten 1 - SC Steinfurt 1"]
[Site "Regionalliga 2021/2022"]
[Date "2021.10.23"]
[Round "2.5"]
[White "Janning, Rainer"]
[Black "Delere, Adrian"]
[Result "1-0"]
[WhiteElo "1837"]
[BlackElo "1880"]
[PlyCount "74"]
[EventDate "2021.??.??"]
[SourceTitle "Verband Muensterland"]
[SourceDate "2021.10.03"]
[SourceVersion "1"]
[SourceVersionDate "2021.10.03"]
[SourceQuality "1"]
[WhiteTeam "SC Steinfurt 1"]
[BlackTeam "SC Rochade Emsdetten 1"]

1. f4 e5 2. fxe5 d6 3. exd6 Bxd6 4. Nf3 Bg4 5. e4 Nc6 6. Be2 Bxf3 7. Bxf3 Qh4+
8. Kf1 Bxh2 9. d4 O-O-O 10. Be3 Nf6 11. Nc3 Ne5 12. Qe2 Neg4 13. Bf4 g5 14.
Bxg4+ Nxg4 15. Bxh2 Rd6 16. e5 Rh6 17. Bg1 Qxh1 18. Qxg4+ Kb8 19. Ne2 f5 20.
Qxf5 Rb6 21. b3 Qh6 22. Ke1 Rf8 23. Qe4 Qg7 24. Kd2 Re6 25. Bh2 h5 26. Bg1 h4
27. Be3 c5 28. c3 cxd4 29. cxd4 Rd8 30. Ke1 g4 31. Rc1 Ra6 32. Bf4 Ka8 33. e6
Rb6 34. e7 Re8 35. Qf5 Rc6 36. Rxc6 bxc6 37. Qd7 Rxe7 1-0

[Event "SC Rochade Emsdetten 1 - SC Steinfurt 1"]
[Site "Regionalliga 2021/2022"]
[Date "2021.10.23"]
[Round "2.6"]
[White "Gerighausen, Karl Heinz"]
[Black "Raue, Thorsten"]
[Result "1/2-1/2"]
[WhiteElo "1724"]
[BlackElo "1782"]
[PlyCount "32"]
[EventDate "2021.??.??"]
[SourceTitle "Verband Muensterland"]
[SourceDate "2021.10.03"]
[SourceVersion "1"]
[SourceVersionDate "2021.10.03"]
[SourceQuality "1"]
[WhiteTeam "SC Rochade Emsdetten 1"]
[BlackTeam "SC Steinfurt 1"]

1. d4 Nf6 2. Bf4 e6 3. e3 c5 4. c3 Nc6 5. Nd2 d5 6. Ngf3 Bd6 7. Ne5 O-O 8. Bd3
Qc7 9. Ndf3 c4 10. Bc2 b5 11. Nxc6 Qxc6 12. Ne5 Bxe5 13. Bxe5 Nd7 14. Bxh7+
Kxh7 15. Qh5+ Kg8 16. Bxg7 Kxg7 1/2-1/2

[Event "SC Rochade Emsdetten 1 - SC Steinfurt 1"]
[Site "Regionalliga 2021/2022"]
[Date "2021.10.23"]
[Round "2.7"]
[White "Raus, Michael"]
[Black "Noering, Andreas"]
[Result "1/2-1/2"]
[WhiteElo "1754"]
[BlackElo "1797"]
[PlyCount "36"]
[EventDate "2021.??.??"]
[SourceTitle "Verband Muensterland"]
[SourceDate "2021.10.03"]
[SourceVersion "1"]
[SourceVersionDate "2021.10.03"]
[SourceQuality "1"]
[WhiteTeam "SC Steinfurt 1"]
[BlackTeam "SC Rochade Emsdetten 1"]

1. e4 e5 2. Nf3 Nf6 3. Nc3 Nc6 4. Bc4 Bc5 5. d3 h6 6. O-O d6 7. h3 Be6 8. Bb3
O-O 9. Be3 Bxb3 10. axb3 Bxe3 11. fxe3 a6 12. Qe2 Nh7 13. Kh2 Ng5 14. Nxg5 Qxg5
15. Rf5 Qd8 16. Nd5 Ne7 17. Nxe7+ Qxe7 18. Qd2 c5 1/2-1/2

[Event "SC Rochade Emsdetten 1 - SC Steinfurt 1"]
[Site "Regionalliga 2021/2022"]
[Date "2021.10.23"]
[Round "2.8"]
[White "Bahr, Maximilian"]
[Black "Freitag, Michael"]
[Result "1-0"]
[WhiteElo "1739"]
[BlackElo "1704"]
[PlyCount "128"]
[EventDate "2021.??.??"]
[SourceTitle "Verband Muensterland"]
[SourceDate "2021.10.03"]
[SourceVersion "1"]
[SourceVersionDate "2021.10.03"]
[SourceQuality "1"]
[WhiteTeam "SC Rochade Emsdetten 1"]
[BlackTeam "SC Steinfurt 1"]

1. e4 c6 2. d4 a6 3. Nf3 d5 4. Nc3 Bg4 5. Be2 e6 6. O-O Bb4 7. Ne5 Bxe2 8. Qxe2
Ne7 9. a3 Bd6 10. f4 O-O 11. Be3 f5 12. exd5 exd5 13. Bf2 Nd7 14. Nxc6 bxc6 15.
Qe6+ Kh8 16. Qxd6 Rf6 17. Qb4 Ng6 18. Ne2 Rb8 19. Qc3 Qb6 20. b3 Re6 21. Qf3
Re4 22. h4 Nf6 23. h5 Nf8 24. Ng3 g6 25. hxg6 hxg6 26. Nxe4 Nxe4 27. g4 Kg7 28.
Be3 Ne6 29. gxf5 gxf5 30. Kg2 Rg8 31. Rg1 Kf8+ 32. Kf1 Qb5+ 33. Ke1 Rxg1+ 34.
Bxg1 Qa5+ 35. b4 Qd8 36. Ke2 Qh4 37. Ke3 Nd6 38. Rf1 Nc4+ 39. Ke2 Qf6 40. Qd3
Qh4 41. Qxf5+ Ke7 42. Rf3 Qh2+ 43. Bxh2 Nxd4+ 44. Kf2 Nxf5 45. Rh3 Ke6 46. a4
d4 47. c3 Nb2 48. cxd4 Nxa4 49. Ra3 Nb2 50. Rxa6 Nxd4 51. Ke3 Kd5 52. Ra5+ Nb5
53. f5 Nc4+ 54. Kd3 Nxa5 55. bxa5 c5 56. a6 c4+ 57. Kd2 Kc5 58. Be5 Kd5 59. Bf4
Kc6 60. Ke3 Kd5 61. Bb8 Kc6 62. a7 Kb7 63. f6 c3 64. f7 c2 1-0

[Event "SC Klein-Berlin Rheine 1 - SK Metelen 1"]
[Site "Regionalliga 2021/2022"]
[Date "2021.10.23"]
[Round "2.1"]
[White "Wildschut, Marcel"]
[Black "Bruemmer, Frank"]
[Result "0-1"]
[WhiteElo "2104"]
[BlackElo "2169"]
[PlyCount "64"]
[EventDate "2021.??.??"]
[SourceTitle "Verband Muensterland"]
[SourceDate "2021.10.03"]
[SourceVersion "1"]
[SourceVersionDate "2021.10.03"]
[SourceQuality "1"]
[WhiteTeam "SK Metelen 1"]
[BlackTeam "SC Klein-Berlin Rheine 1"]

1. e4 e6 2. d4 d5 3. Nc3 Nf6 4. Bg5 Be7 5. e5 Nfd7 6. h4 h6 7. Bxe7 Qxe7 8. Qg4
O-O 9. f4 f5 10. Qg3 c5 11. Nf3 Nc6 12. O-O-O cxd4 13. Nxd4 Nc5 14. Be2 a6 15.
Qe3 Nxd4 16. Qxd4 b5 17. Kb1 Rb8 18. Bf3 b4 19. Ne2 a5 20. g4 fxg4 21. Bxg4 Ba6
22. f5 exf5 23. Bf3 Bxe2 24. Qxd5+ Kh8 25. Bxe2 Rbd8 26. Qc6 Qxe5 27. Bf3 Ne4
28. Bxe4 Rxd1+ 29. Rxd1 fxe4 30. c3 e3 31. Qc4 Qf5+ 32. Kc1 bxc3 0-1

[Event "SC Klein-Berlin Rheine 1 - SK Metelen 1"]
[Site "Regionalliga 2021/2022"]
[Date "2021.10.23"]
[Round "2.2"]
[White "Henneberger, Sven"]
[Black "Bernink, Henk"]
[Result "1/2-1/2"]
[WhiteElo "2060"]
[BlackElo "2028"]
[PlyCount "63"]
[EventDate "2021.??.??"]
[SourceTitle "Verband Muensterland"]
[SourceDate "2021.10.03"]
[SourceVersion "1"]
[SourceVersionDate "2021.10.03"]
[SourceQuality "1"]
[WhiteTeam "SC Klein-Berlin Rheine 1"]
[BlackTeam "SK Metelen 1"]

1. Nf3 Nf6 2. c4 e6 3. g3 d5 4. Bg2 c6 5. b3 Be7 6. Bb2 O-O 7. O-O b6 8. d3 Bb7
9. Nbd2 c5 10. Ne1 Nc6 11. Nc2 Qd7 12. cxd5 exd5 13. d4 Rfe8 14. Rc1 Rac8 15.
Nf3 Ne4 16. dxc5 bxc5 17. Qd3 Bf6 18. Bxf6 Nxf6 19. e3 h6 20. Rfd1 Ba8 21. Qb5
Ne5 22. Qxd7 Nexd7 23. Na3 Bc6 24. Nb1 a5 25. Nc3 a4 26. bxa4 Ra8 27. Rd2 Nb6
28. Nb5 Rxa4 29. Rxc5 Bxb5 30. Rxb5 Nc4 31. Rd1 Rxa2 32. Nh4 1/2-1/2

[Event "SC Klein-Berlin Rheine 1 - SK Metelen 1"]
[Site "Regionalliga 2021/2022"]
[Date "2021.10.23"]
[Round "2.3"]
[White "Grotenhuis, Gerard"]
[Black "Langhans, Joerg"]
[Result "0-1"]
[WhiteElo "1924"]
[BlackElo "1961"]
[PlyCount "62"]
[EventDate "2021.??.??"]
[SourceTitle "Verband Muensterland"]
[SourceDate "2021.10.03"]
[SourceVersion "1"]
[SourceVersionDate "2021.10.03"]
[SourceQuality "1"]
[WhiteTeam "SK Metelen 1"]
[BlackTeam "SC Klein-Berlin Rheine 1"]

1. b3 e5 2. Bb2 d6 3. e3 Nf6 4. c4 g6 5. Nc3 Bg7 6. Nge2 O-O 7. Ng3 Re8 8. h4
h5 9. Be2 c6 10. Qc2 d5 11. O-O-O Be6 12. f4 exf4 13. exf4 d4 14. Nce4 Nxe4 15.
Nxe4 Qa5 16. Kb1 Na6 17. a3 Bf5 18. d3 b5 19. Nd6 Re7 20. Nxf5 gxf5 21. Bxh5
Rae8 22. b4 Qd8 23. Bc1 Nc7 24. Bf3 Qd7 25. Rdg1 bxc4 26. dxc4 d3 27. Qf2 Re2
28. Qc5 d2 29. Bb2 Qd3+ 30. Ka2 d1=Q 31. Rxd1 Rxb2+ 0-1

[Event "SC Klein-Berlin Rheine 1 - SK Metelen 1"]
[Site "Regionalliga 2021/2022"]
[Date "2021.10.23"]
[Round "2.4"]
[White "Langhanke, Guenther"]
[Black "Zachej, Arne"]
[Result "1/2-1/2"]
[WhiteElo "1963"]
[BlackElo "1859"]
[PlyCount "33"]
[EventDate "2021.??.??"]
[SourceTitle "Verband Muensterland"]
[SourceDate "2021.10.03"]
[SourceVersion "1"]
[SourceVersionDate "2021.10.03"]
[SourceQuality "1"]
[WhiteTeam "SC Klein-Berlin Rheine 1"]
[BlackTeam "SK Metelen 1"]

1. e4 c5 2. Nc3 e6 3. f4 Nc6 4. Bb5 Nge7 5. Nf3 g6 6. O-O Bg7 7. Bxc6 Nxc6 8.
d3 O-O 9. Qe1 d5 10. e5 Rb8 11. Qf2 Qe7 12. Bd2 b5 13. b3 a5 14. a4 b4 15. Ne2
f5 16. Rad1 d4 17. Bc1 1/2-1/2

[Event "SC Klein-Berlin Rheine 1 - SK Metelen 1"]
[Site "Regionalliga 2021/2022"]
[Date "2021.10.23"]
[Round "2.5"]
[White "Wigger, Frank"]
[Black "Bruemmer, Andreas"]
[Result "1/2-1/2"]
[WhiteElo "1838"]
[BlackElo "1920"]
[PlyCount "49"]
[EventDate "2021.??.??"]
[SourceTitle "Verband Muensterland"]
[SourceDate "2021.10.03"]
[SourceVersion "1"]
[SourceVersionDate "2021.10.03"]
[SourceQuality "1"]
[WhiteTeam "SK Metelen 1"]
[BlackTeam "SC Klein-Berlin Rheine 1"]

1. e4 c5 2. c3 e6 3. d4 d5 4. exd5 exd5 5. Nf3 Nc6 6. Be2 Bd6 7. dxc5 Bxc5 8.
Nbd2 Nge7 9. Nb3 Bb6 10. Bf4 O-O 11. Nbd4 Re8 12. O-O Nf5 13. Bb5 Nfxd4 14.
Nxd4 Nxd4 15. Bxe8 Ne6 16. Be3 Bxe3 17. Bxf7+ Kxf7 18. fxe3+ Kg8 19. Qh5 g6 20.
Qe5 Qg5 21. Qd6 Qd8 22. Qe5 Qg5 23. Qd6 Qd8 24. Qe5 Qg5 25. Qd6 1/2-1/2

[Event "SC Klein-Berlin Rheine 1 - SK Metelen 1"]
[Site "Regionalliga 2021/2022"]
[Date "2021.10.23"]
[Round "2.6"]
[White "Ratert, Matthias"]
[Black "Bueckers, Bernhard"]
[Result "1/2-1/2"]
[WhiteElo "1845"]
[BlackElo "1701"]
[PlyCount "41"]
[EventDate "2021.??.??"]
[SourceTitle "Verband Muensterland"]
[SourceDate "2021.10.03"]
[SourceVersion "1"]
[SourceVersionDate "2021.10.03"]
[SourceQuality "1"]
[WhiteTeam "SC Klein-Berlin Rheine 1"]
[BlackTeam "SK Metelen 1"]

1. e4 c5 2. c3 Nf6 3. e5 Nd5 4. Nf3 d6 5. Bc4 e6 6. O-O Nb6 7. Bb3 Nc6 8. d4
cxd4 9. cxd4 d5 10. a3 Be7 11. Qd3 O-O 12. Bc2 g6 13. Bh6 Re8 14. Nbd2 Nd7 15.
b4 a6 16. Nb3 b6 17. Rfc1 Bb7 18. g3 Rc8 19. h4 Bf8 20. Bg5 Be7 21. Bh6 1/2-1/2

[Event "SC Klein-Berlin Rheine 1 - SK Metelen 1"]
[Site "Regionalliga 2021/2022"]
[Date "2021.10.23"]
[Round "2.7"]
[White "Denkler, Juergen"]
[Black "Kornick, Ulrich"]
[Result "0-1"]
[WhiteElo "1709"]
[BlackElo "1874"]
[PlyCount "42"]
[EventDate "2021.??.??"]
[SourceTitle "Verband Muensterland"]
[SourceDate "2021.10.03"]
[SourceVersion "1"]
[SourceVersionDate "2021.10.03"]
[SourceQuality "1"]
[WhiteTeam "SK Metelen 1"]
[BlackTeam "SC Klein-Berlin Rheine 1"]

1. d4 d5 2. c4 e6 3. Nf3 Nf6 4. Nc3 c5 5. e3 Nc6 6. dxc5 Bxc5 7. a3 a6 8. b4
Ba7 9. cxd5 exd5 10. Nd4 O-O 11. Be2 Nxd4 12. exd4 Qc7 13. Bb2 Re8 14. O-O Qf4
15. Na4 Ng4 16. g3 Qe4 17. Bf3 Qf5 18. Bxg4 Qxg4 19. Qxg4 Bxg4 20. f3 Bd7 21.
Kf2 Bxa4 0-1

[Event "SC Klein-Berlin Rheine 1 - SK Metelen 1"]
[Site "Regionalliga 2021/2022"]
[Date "2021.10.23"]
[Round "2.8"]
[White "Hauk, Viktoria"]
[Black "Gravenkoetter, Christian"]
[Result "1/2-1/2"]
[WhiteElo "1885"]
[BlackElo "1637"]
[PlyCount "131"]
[EventDate "2021.??.??"]
[SourceTitle "Verband Muensterland"]
[SourceDate "2021.10.03"]
[SourceVersion "1"]
[SourceVersionDate "2021.10.03"]
[SourceQuality "1"]
[WhiteTeam "SC Klein-Berlin Rheine 1"]
[BlackTeam "SK Metelen 1"]

1. d4 f5 2. c4 Nf6 3. Nf3 e6 4. g3 b6 5. Bg2 Bb4+ 6. Nbd2 Bb7 7. O-O O-O 8. a3
Bxd2 9. Qxd2 Qe8 10. Qf4 d6 11. b4 Nbd7 12. Bb2 Nh5 13. Qd2 Rd8 14. e3 Ndf6 15.
Rac1 Be4 16. Ne1 Bxg2 17. Kxg2 c5 18. Nd3 e5 19. d5 Ne4 20. Qe2 Qg6 21. Kh1 Rf7
22. Rg1 Rdf8 23. Rce1 Qh6 24. Rg2 g6 25. b5 Nhf6 26. f4 exf4 27. Bxf6 Nxg3+ 28.
Rxg3 fxg3 29. Ba1 Re8 30. Qb2 Kf8 31. Nf4 Re4 32. Kg1 gxh2+ 33. Qxh2 Qxh2+ 34.
Kxh2 Rxc4 35. Ne6+ Ke7 36. Kg3 Kd7 37. Rh1 Re4 38. Kf3 Rxe6 39. dxe6+ Kxe6 40.
Rd1 d5 41. Bc3 Rd7 42. Kf4 h6 43. Rh1 g5+ 44. Kf3 Rh7 45. Rg1 d4 46. exd4 cxd4
47. Bxd4 Kd5 48. Bf2 Kc4 49. Rb1 Rd7 50. Rb4+ Kc3 51. Be1+ Kc2 52. Rc4+ Kb3 53.
Rc3+ Ka4 54. Re3 f4 55. Re4+ Kxa3 56. Bb4+ Ka4 57. Bf8+ Kxb5 58. Re5+ Kc4 59.
Bxh6 Rd3+ 60. Kg4 a5 61. Bxg5 f3 62. Be3 b5 63. Kxf3 a4 64. Ke2 Rd7 65. Re4+
Kb3 66. Bc5 1/2-1/2